| 000 | 00713nam a2200229Ia 4500 | ||
|---|---|---|---|
| 003 | GCL | ||
| 005 | 20240530102311.0 | ||
| 008 | 140319s9999 xx 000 0 ara d | ||
| 040 |
_aGCL / _cGCL |
||
| 082 | 0 | 4 |
_a330.962 _bع ر |
| 100 | 1 | _aعبدالسلام عبدالحليم عامر | |
| 245 | 1 | 0 |
_a00000000000000000 _cعبدالسلام عبدالحليم عامر |
| 260 |
_a[S.N] : _bالهيئة المصرية العامة للكتاب ، _c1992 |
||
| 300 | _a491 ص | ||
| 650 | 0 | 4 | _aالعصر الحديث |
| 650 | 0 | 4 | _aمصر |
| 650 | 0 | 4 | _aتاريخ |
| 650 | 0 | 4 | _aالاحوال الاقتصادية |
| 650 | 0 | 4 | _aالصناعة |
| 650 | 0 | 4 | _aالصناعة والدولة |
| 942 |
_2ddc _cBK |
||
| 999 |
_c31273 _d31273 |
||